000 00973nam a2200265 i 4500
001 bg
003 KOSZ 005
005 20200630132829.0
008 040408s1975 pl a g 001 0 pol
015 _aPB 1975/7955
040 _aWA N
_cKOSZ 005/RW
_dKOSZ 005/RW
041 0 _apol
080 _a882(091)
245 0 0 _aLiteratura rosyjska w zarysie /
_cred. Zbigniew Barański i Antoni Semczuk ; [aut. Z. Barański et al.].
260 _aWarszawa :
_bPaństwowe Wydawnictwo Naukowe,
_c1975.
300 _a834, [2] s. :
_bil., portr. ;
_c24 cm.
380 _aKsiążki.
504 _aBibliogr. s. 770-[778]. Indeks.
655 4 _aLiteratura rosyjska
_xhistoria.
700 1 _aBarański, Zbigniew
_d(1925-2009).
_eRed.
700 1 _aSemczuk, Antoni
_d(1930- ).
_eRed.
710 _aPaństwowe Wydawnictwo Naukowe
_4pbl.
856 _uhttp://koha.tu.koszalin.pl/cgi-bin/koha/opac-detail.pl?biblionumber=16243
_yKatalog online BPK
942 _2UKD
_cKS
999 _c16243
_d16243